000 00646cam a2200193 a 4500
001 000001674
005 20200929145645.0
008 721002s1954 txu 001 0 spa
040 _aDO-SdBNP
_bspa
_cBNPHU
082 _a291.82
_bY31p
100 1 _aYates, Kyle Monroe,
_d1895-1968
_95442
245 1 0 _aPredicando de los libros proféticos /
_cKyle M. Yates ; traducción, Simón Corona.
260 _aTexas, Estados Unidos :
_bCasa Bautista de Publicaciones,
_c1954.
300 _a313 p. ;
_c20 cm.
650 4 _aPredicación
_95443
650 4 _aLibros proféticos
_95444
650 4 _aLibros sagrados
_95445
700 1 _aCorona, Simón.
_etr.
_95446
999 _c1555
_d1555